Exploring God's word: (Record no. 5653)

000 -LEADER
fixed length control field 00818nam a2200217 a 4500
001 - CONTROL NUMBER
control field :::00003395$&:&@@
003 - CONTROL NUMBER IDENTIFIER
control field OkBaRHE
005 - DATE AND TIME OF LATEST TRANSACTION
control field 20000607103304.0
008 - FIXED-LENGTH DATA ELEMENTS--GENERAL INFORMATION
fixed length control field s1985 j 000 0 eng u
020 ## - INTERNATIONAL STANDARD BOOK NUMBER
International Standard Book Number 080280084X (pbk.)
040 ## - CATALOGING SOURCE
Transcribing agency
100 1# - MAIN ENTRY--PERSONAL NAME
Personal name Guthrie, Donald, 1916-
245 10 - TITLE STATEMENT
Title Exploring God's word:
Remainder of title Bible guide to Ephesians, Philippians, and Colossians
260 ## - PUBLICATION, DISTRIBUTION, ETC. (IMPRINT)
Place of publication, distribution, etc Grand Rapids, MI., :
Name of publisher, distributor, etc Eerdmans Publishing Co.
Date of publication, distribution, etc 1985
300 ## - PHYSICAL DESCRIPTION
Extent 222 p. ;
Dimensions 21 cm.
650 ## - SUBJECT ADDED ENTRY--TOPICAL TERM
Topical term or geographic name as entry element Bible New Testament Colossians
General subdivision Outlines, Syllabi, etc.
650 ## - SUBJECT ADDED ENTRY--TOPICAL TERM
Topical term or geographic name as entry element Bible New Testament Ephesians
General subdivision Outlines, Syllabi, etc.
650 ## - SUBJECT ADDED ENTRY--TOPICAL TERM
Topical term or geographic name as entry element Bible New Testament Philippians
General subdivision Outlines, Syllabi, etc.
942 ## - ADDED ENTRY ELEMENTS (KOHA)
Source of classification or shelving scheme
Koha item type Books
Copies
Not for loan Full call number Barcode Withdrawn status Permanent Location Koha item type Lost status Damaged status Price effective from Copy number Source of classification or shelving scheme Shelving location Date acquired Date last seen
 BS 2650.5 .G873395 RHEMA Bible Training CollegeBooks  2010-04-141 General Stacks2010-04-142018-03-28